الفراسة بين الأمس و اليوم : (رقم التسجيلة. 88308)

تفاصيل مارك
000 -الفاتح
عناصر البيانات ثابتة الطول 00665cam a2200181 i 4500
005 - تاريخ ووقت آخر معاملة
حقل ضبط 20251108172759.0
008 - عناصر البيانات ثابتة الطول
عناصر البيانات ثابتة الطول 250721s1994 ua gr 000 0 ara d
020 ## - الترقيم الدولي المعياري للكتب (ردمك)
الترقيم الدولي المعياري للكتب (ردمك) 9772770113
082 14 - رقم تصنيف ديوي العشري
رقم التصنيف 138
رقم المادة ك ا ش
100 1# - مدخل رئيسي – اسم شخصي
الاسم الشخصي الكاشف، جمال
علاقة الشخص بالعمل/ دوره مؤلف.
245 20 - بيان العنوان
العنوان الفراسة بين الأمس و اليوم :
بقية العنوان كيف تتقرس في وجوه الناس وتقرأ أفكارهم ؟ /
بيان المسؤولية جمال الكاشف.
264 31 - بيانات النشر، التوزيع…إلخ
مكان النشر، التوزيع...إلخ القاهرة :
اسم الناشر، الموزع...إلخ دار الطلائع للنشر والتوزيع،
تاريخ النشر، التوزيع...إلخ 1994.
300 ## - الوصف المادي
عدد الوحدات المكونة للوعاء 143 صفحة.
650 17 - مدخل إضافي بالموضوع - مصطلح موضوعي
مصطلح موضوعي أو اسم جغرافي كعنصر مدخل الفراسه.
650 17 - مدخل إضافي بالموضوع - مصطلح موضوعي
مصطلح موضوعي أو اسم جغرافي كعنصر مدخل علم النفس.
942 ## - بيانات إضافية (كوها)
نوع التنصيف Dewey Decimal Classification
نوع المادة (كوها) كتب
المقتنيات
حالة السحب حالة الفقدان مصدر التصنيف حالة التلف غير قابل للإعارة المكتبة الرئيسية المكتبة الحالية موقع الرف تاريخ التزويد الرقم المتسلسل Total Checkouts رقم الإستدعاء الباركود تاريخ آخر ظهور تاريخ الفاتورة نوع المادة (كوها)
    Dewey Decimal Classification     المكتبة المركزية المكتبة المركزية الإعارة 28/07/2025 636123   138 / ك ا ش 636123 28/07/2025 28/07/2025 كتب
    Dewey Decimal Classification     المكتبة المركزية المكتبة المركزية الإعارة 28/07/2025 636122   138 / ك ا ش 636122 28/07/2025 28/07/2025 كتب
Implemented & Customized by: BBB with SCIT (Smart Chains for Information Technology)

Powered by Koha